000 00240nam a2200097Ia 4500
001 1207721
005 20250827022832.0
008 250824s9999 xx 000 0 und d
245 0 _aSAFAHAT
_cMEHMET AKİF ERSOY
260 _bAKÇAĞ YAYINLARI
999 _c1207721
_d1207721